书目信息 |
| 题名: |
一个医生的救赎
|
|
| 作者: | 朱晓军, 著 | |
| 分册: | ||
| 出版信息: | 北京 人民文学出版社 2009.01 |
|
| 页数: | 405页 | |
| 开本: | 23cm | |
| 丛书名: | ||
| 单 册: | ||
| 中图分类: | I25 | |
| 科图分类: | ||
| 主题词: | 报告文学--中国--当代 | |
| 电子资源: | ||
| ISBN: | 978-7-02-006821-0 | |
| 000 | 00822nam0 2200217 450 | |
| 001 | 004056013 | |
| 005 | 20100613110841.12 | |
| 010 | @a978-7-02-006821-0@dCNY35.00 | |
| 100 | @a20100515d2009 em y0chiy50 ea | |
| 101 | 0 | @achi |
| 102 | @aCN@b110000 | |
| 105 | @aa z 000zy | |
| 200 | 1 | @a一个医生的救赎@Ayi ge yi sheng de jiu shu@f朱晓军著 |
| 210 | @a北京@c人民文学出版社@d2009.01 | |
| 215 | @a405页@c图@d23cm | |
| 330 | @a本书介绍了一位勇敢的女性跃出酱缸,与发黑的医疗腐败现象搏斗的故事。主人公陈晓兰秉持的良心与责任心,悲壮地以没有是非、没有标准的一团烂泥的医疗秩序做斗争为目标,因此她不断地面临内心焦虑和生命的危险,但她义无反顾,从而赢得了人们的尊重和支持。 | |
| 606 | 0 | @a报告文学@y中国@z当代 |
| 690 | @aI25@v4 | |
| 701 | 0 | @a朱晓军,@Azhu xiao jun,@f1955-@4著 |
| 801 | 0 | @aCN@c20100515 |
| 905 | @dI25@eZ8802@f3 | |
| 一个医生的救赎/朱晓军著.-北京:人民文学出版社,2009.01 |
| 405页:图;23cm |
| ISBN 978-7-02-006821-0:CNY35.00 |
| 本书介绍了一位勇敢的女性跃出酱缸,与发黑的医疗腐败现象搏斗的故事。主人公陈晓兰秉持的良心与责任心,悲壮地以没有是非、没有标准的一团烂泥的医疗秩序做斗争为目标,因此她不断地面临内心焦虑和生命的危险,但她义无反顾,从而赢得了人们的尊重和支持。 |
| ● |
| 相关链接 |
|
|
|
正题名:一个医生的救赎
索取号:I25/Z8802
 
预约/预借
| 序号 | 登录号 | 条形码 | 馆藏地/架位号 | 状态 | 备注 |
| 1 | 987574 | 209875740 | 文学库108/108文学库 66排5列5层/ [索取号:I25/Z8802] | 在馆 | |
| 2 | 987575 | 209875759 | 文学库108/108文学库 66排5列5层/ [索取号:I25/Z8802] | 在馆 | |
| 3 | 987576 | 209875768 | 文学库108/108文学库 66排5列5层/ [索取号:I25/Z8802] | 在馆 |